000 00650nam a2200241Ia 4500
003 OSt
005 20221005133554.0
006 a|||||r|||| 00| 0
007 ta
008 221004b |||||||| |||| 00| 0 hin d
024 _a108602
037 _cTextual
040 _aCRL
_cCRL
_bhin
041 _2hin
_ahin
082 _aO152,1J32:g, H9
245 0 _aतुलसीदास का घर - बार
246 _aTulasīdās kā ghar - bāra
260 _c1949
300 _a352पृ0
_ccm.
650 _aहिन्दी साहित्य
942 _hO152,1J32:g, H9
_cTEXL
_2cc
999 _c1067255
_d1067255